[Event "XI Paracin Festival 2018"]
[Site "Paracin"]
[Date "2018.07.09"]
[Round "4"]
[White "Perunovic, Milos"]
[Black "Gadimbayli, Abdulla"]
[Result "1/2-1/2"]
[WhiteElo "2596"]
[BlackElo "2420"]
[Annotator "ChessBase"]
[PlyCount "187"]
[EventDate "2018.07.06"]
[EventType "swiss"]
[EventCountry "SRB"]
[SourceTitle "playchess.com"]
[Source "ChessBase"]
[SourceQuality "1"]
[TimeControl "5400+30"]

1. e4 {[%emt 0:00:37]} e6 {[%emt 0:00:00]} 2. d4 {[%emt 0:00:23]} d5 {[%emt 0:00:00]} 3. Nc3 {[%emt 0:00:28]} Bb4 {[%emt 0:00:18]} 4. e5 {[%emt 0:00:19]} c5 {[%emt 0:00:08]} 5. a3 {[%emt 0:00:15]} Bxc3+ {[%emt 0:00:07]} 6. bxc3 {[%emt 0:00:07]} Ne7 {[%emt 0:00:24]} 7. Qg4 {[%emt 0:01:19]} Qc7 {[%emt 0:00:21]} 8. Bd3 {[%emt 0:04:38]} c4 {[%emt 0:00:59]} 9. Be2 {[%emt 0:00:31]} Nf5 {[%emt 0:04:25]} 10. Bd1 {[%emt 0:05:25]} Nc6 {[%emt 0:09:02]} 11. Ne2 {[%emt 0:05:10]} Bd7 {[%emt 0:08:08]} 12. Ng3 {[%emt 0:09:46]} O-O {[%emt 0:35:58]} 13. Nxf5 {[%emt 0:24:17]} exf5 {[%emt 0:00:07]} 14. Qg3 {[%emt 0:01:13]} Kh8 {[%emt 0:07:07]} 15. a4 {[%emt 0:04:15]} Rfe8 {[%emt 0:03:48]} 16. Ba3 {[%emt 0:04:49]} a6 {[%emt 0:11:09]} 17. Kd2 {[%emt 0:04:47]} b5 {[%emt 0:11:20]} 18. Bd6 {[%emt 0:01:17]} Qb6 {[%emt 0:00:43]} 19. Bh5 {[%emt 0:09:44]} Be6 {[%emt 0:00:28]} 20. Rhb1 {[%emt 0:00:19]} Qb7 {[%emt 0:02:31]} 21. Bf3 {[%emt 0:03:48]} Qd7 {[%emt 0:00:26]} 22. Qf4 {[%emt 0:00:54]} bxa4 {[%emt 0:01:35]} 23. h3 {[%emt 0:01:19]} Na7 {[%emt 0:01:16]} 24. g4 {[%emt 0:00:50]} Nb5 {[%emt 0:00:39]} 25. Bb4 {[%emt 0:01:36]} Rab8 {[%emt 0:00:40]} 26. Rg1 {[%emt 0:01:21]} Rg8 {[%emt 0:00:45]} 27. gxf5 {[%emt 0:00:51]} Bxf5 {[%emt 0:00:01]} 28. Rg5 {[%emt 0:00:08]} Bg6 {[%emt 0:00:06]} 29. h4 {[%emt 0:07:24]} h6 {[%emt 0:00:10]} 30. Rg3 {[%emt 0:00:46]} Nc7 {[%emt 0:01:28]} 31. Rag1 {[%emt 0:01:11]} Ne6 {[%emt 0:00:45]} 32. Qe3 {[%emt 0:00:07]} Bh7 {[%emt 0:00:31]} 33. Bg4 {[%emt 0:01:23]} Qa7 {[%emt 0:00:29]} 34. Ba3 {[%emt 0:00:45]} Qb7 {[%emt 0:00:30]} 35. Rc1 {[%emt 0:01:59]} Nc7 {[%emt 0:00:28]} 36. f4 {[%emt 0:00:29]} Nb5 {[%emt 0:00:18]} 37. Bb4 {[%emt 0:00:31]} a5 {[%emt 0:00:34]} 38. Bc5 {[%emt 0:00:04]} a3 {[%emt 0:00:34]} 39. f5 {[%emt 0:00:07]} a2 {[%emt 0:00:18]} 40. Ra1 {[%emt 0:02:49]} Nc7 {[%emt 0:00:17]} 41. Ba3 {[%emt 0:00:53]} Nb5 {[%emt 0:00:26]} 42. Bc5 {[%emt 0:00:41]} Nc7 {[%emt 0:00:16]} 43. Ba3 {[%emt 0:01:03]} Nb5 {[%emt 0:00:29]} 44. Bc5 {[%emt 0:00:24]} Nc7 {[%emt 0:00:39]} 45. Qe1 {[%emt 0:00:22]} Qb2 {[%emt 0:00:42]} 46. Qc1 {[%emt 0:00:05]} Na6 {[%emt 0:01:00]} 47. Ba3 {[%emt 0:01:05]} Qb1 {[%emt 0:00:30]} 48. Rg1 {[%emt 0:00:11]} Qb5 {[%emt 0:00:31]} 49. Bd6 {[%emt 0:00:23]} Rb6 {[%emt 0:00:30]} 50. Rxa2 {[%emt 0:00:06]} Qd7 {[%emt 0:00:30]} 51. Qf1 {[%emt 0:00:26]} f6 {[%emt 0:00:31]} 52. Rxa5 {[%emt 0:00:14]} Nb8 {[%emt 0:00:29]} 53. Rxd5 {[%emt 0:00:22]} Qf7 {[%emt 0:00:31]} 54. e6 {[%emt 0:00:40]} Qb7 {[%emt 0:00:18]} 55. Bf3 {[%emt 0:00:16]} Rb2 {[%emt 0:00:01]} 56. Qxc4 {[%emt 0:01:07]} Rc8 {[%emt 0:00:01]} 57. Bc5 {[%emt 0:00:44]} Qc7 {[%emt 0:00:00]} 58. Kc1 {[%emt 0:00:58]} Rb7 {[%emt 0:00:01]} 59. Rd6 {[%emt 0:00:37]} Ra7 {[%emt 0:00:17]} 60. e7 {[%emt 0:00:46]} Qxe7 {[%emt 0:01:02]} 61. Kd2 {[%emt 0:00:28]} Qxd6 {[%emt 0:00:18]} 62. Bxd6 {[%emt 0:00:03]} Rxc4 {[%emt 0:00:04]} 63. Bxb8 {[%emt 0:00:01]} Ra3 {[%emt 0:01:05]} 64. Be4 {[%emt 0:00:02]} Raxc3 {[%emt 0:00:30]} 65. Bd3 {[%emt 0:00:44]} Rxd3+ {[%emt 0:01:19]} 66. Kxd3 {[%emt 0:00:27]} Rc8 {[%emt 0:00:02]} 67. Bd6 {[%emt 0:00:19]} Bxf5+ {[%emt 0:00:02]} 68. Ke3 {[%emt 0:00:03]} Rc3+ {[%emt 0:00:36]} 69. Kf4 {[%emt 0:00:49]} Bxc2 {[%emt 0:00:08]} 70. Bf8 {[%emt 0:00:32]} g5+ {[%emt 0:00:40]} 71. Kg4 {[%emt 0:00:05]} Kh7 {[%emt 0:00:16]} 72. Re1 {[%emt 0:00:37]} Kg6 {[%emt 0:02:28]} 73. h5+ {[%emt 0:00:24]} Kf7 {[%emt 0:00:10]} 74. Bxh6 {[%emt 0:00:05]} Ba4 {[%emt 0:01:07]} 75. Bxg5 {[%emt 0:00:24]} Bd7+ {[%emt 0:00:04]} 76. Kf4 {[%emt 0:00:06]} fxg5+ {[%emt 0:00:04]} 77. Kxg5 {[%emt 0:00:03]} Rg3+ {[%emt 0:00:13]} 78. Kf4 {[%emt 0:00:08]} Rh3 {[%emt 0:00:22]} 79. Ke5 {[%emt 0:00:21]} Ke7 {[%emt 0:00:27]} 80. Kd5+ {[%emt 0:00:11]} Kd8 {[%emt 0:00:05]} 81. Re5 {[%emt 0:00:29]} Be8 {[%emt 0:00:10]} 82. Kd6 {[%emt 0:00:24]} Bxh5 {[%emt 0:00:13]} 83. Rb5 {[%emt 0:00:57]} Bg4 {[%emt 0:00:06]} 84. Rg5 {[%emt 0:00:14]} Rh6+ {[%emt 0:00:05]} 85. Ke5 {[%emt 0:00:22]} Bd7 {[%emt 0:00:14]} 86. d5 {[%emt 0:01:13]} Kc7 {[%emt 0:00:04]} 87. Rg7 {[%emt 0:00:04]} Rh5+ {[%emt 0:00:32]} 88. Kd4 {[%emt 0:00:05]} Kd8 {[%emt 0:00:15]} 89. Kc5 {[%emt 0:00:31]} Be6 {[%emt 0:00:26]} 90. Kd6 {[%emt 0:00:09]} Bxd5 {[%emt 0:00:28]} 91. Rd7+ {[%emt 0:00:09]} Ke8 {[%emt 0:00:05]} 92. Re7+ {[%emt 0:00:08]} Kf8 {[%emt 0:00:04]} 93. Re5 {[%emt 0:00:05]} Rxe5 {[%emt 0:00:02]} 94. Kxe5 {[%emt 0:00:03]} 1/2-1/2

[Event "XI Paracin Festival 2018"]
[Site "Paracin"]
[Date "2018.07.09"]
[Round "4"]
[White "Shyam, Sundar M"]
[Black "Parnali, S Dharia"]
[Result "1-0"]
[WhiteElo "2527"]
[BlackElo "2170"]
[Annotator "ChessBase"]
[PlyCount "91"]
[EventDate "2018.07.06"]
[EventType "swiss"]
[EventCountry "SRB"]
[SourceTitle "playchess.com"]
[Source "ChessBase"]
[SourceQuality "1"]
[TimeControl "5400+30"]

1. e4 {[%emt 0:00:00]} e5 {[%emt 0:00:00]} 2. Nf3 {[%emt 0:00:01]} Nc6 {[%emt 0:00:00]} 3. Bc4 {[%emt 0:00:14]} Nf6 {[%emt 0:00:03]} 4. d3 {[%emt 0:00:04]} Bc5 {[%emt 0:00:15]} 5. O-O {[%emt 0:00:10]} O-O {[%emt 0:01:00]} 6. Bg5 {[%emt 0:00:13]} h6 {[%emt 0:00:23]} 7. Bh4 {[%emt 0:00:04]} d6 {[%emt 0:04:32]} 8. c3 {[%emt 0:00:10]} Bg4 {[%emt 0:02:27]} 9. h3 {[%emt 0:01:00]} Be6 {[%emt 0:00:42]} 10. Nbd2 {[%emt 0:01:30]} Bb6 {[%emt 0:01:10]} 11. Re1 {[%emt 0:06:46]} Qd7 {[%emt 0:01:43]} 12. Bxf6 {[%emt 0:03:28]} gxf6 {[%emt 0:02:22]} 13. Nh4 {[%emt 0:00:22]} Kh7 {[%emt 0:03:04]} 14. Qf3 {[%emt 0:08:39]} Rg8 {[%emt 0:01:56]} 15. Qxf6 {[%emt 0:04:22]} Rg7 {[%emt 0:07:22]} 16. Kh2 {[%emt 0:01:08]} Rag8 {[%emt 0:00:33]} 17. Nf1 {[%emt 0:03:23]} Na5 {[%emt 0:04:45]} 18. Ne3 {[%emt 0:04:55]} Bxe3 {[%emt 0:03:32]} 19. Rxe3 {[%emt 0:00:02]} Nxc4 {[%emt 0:00:40]} 20. dxc4 {[%emt 0:00:02]} Bxc4 {[%emt 0:00:47]} 21. Rg3 {[%emt 0:10:14]} Rxg3 {[%emt 0:02:24]} 22. fxg3 {[%emt 0:00:12]} Be6 {[%emt 0:00:40]} 23. b3 {[%emt 0:02:51]} a5 {[%emt 0:02:33]} 24. Rf1 {[%emt 0:04:57]} Qd8 {[%emt 0:02:21]} 25. Qf2 {[%emt 0:02:40]} Qg5 {[%emt 0:03:09]} 26. Qe1 {[%emt 0:00:11]} b6 {[%emt 0:00:53]} 27. Rf3 {[%emt 0:00:23]} Ra8 {[%emt 0:00:44]} 28. Qf2 {[%emt 0:04:06]} Qe7 {[%emt 0:02:38]} 29. Nf5 {[%emt 0:01:04]} Bxf5 {[%emt 0:01:07]} 30. Rxf5 {[%emt 0:00:30]} Kg7 {[%emt 0:00:07]} 31. a4 {[%emt 0:04:54]} Qe6 {[%emt 0:00:46]} 32. c4 {[%emt 0:01:48]} Re8 {[%emt 0:03:44]} 33. g4 {[%emt 0:00:11]} Qg6 {[%emt 0:00:23]} 34. Qh4 {[%emt 0:01:10]} f6 {[%emt 0:00:33]} 35. Qf2 {[%emt 0:00:25]} Qf7 {[%emt 0:02:42]} 36. Qd2 {[%emt 0:00:08]} Rh8 {[%emt 0:01:03]} 37. Kg1 {[%emt 0:00:16]} Qe6 {[%emt 0:00:22]} 38. h4 {[%emt 0:02:43]} Rf8 {[%emt 0:02:03]} 39. Qf2 {[%emt 0:01:29]} Rf7 {[%emt 0:00:41]} 40. Qf3 {[%emt 0:00:39]} Kf8 {[%emt 0:01:09]} 41. Qe3 {[%emt 0:17:51]} Kg7 {[%emt 0:00:10]} 42. Rh5 {[%emt 0:00:15]} Kf8 {[%emt 0:00:37]} 43. Qxh6+ {[%emt 0:00:06]} Ke7 {[%emt 0:00:55]} 44. Rf5 {[%emt 0:00:06]} Qd7 {[%emt 0:02:37]} 45. g5 {[%emt 0:01:11]} Qc6 {[%emt 0:02:56]} 46. g6 {[%emt 0:01:39]} 1-0

[Event "XI Paracin Festival 2018"]
[Site "Paracin"]
[Date "2018.07.09"]
[Round "4"]
[White "Atalik, Suat"]
[Black "Abramovic, Bosko"]
[Result "1-0"]
[WhiteElo "2509"]
[BlackElo "2409"]
[Annotator "RC"]
[PlyCount "155"]
[EventDate "2018.07.06"]
[EventType "swiss"]
[EventCountry "SRB"]
[SourceTitle "playchess.com"]
[Source "ChessBase"]
[SourceQuality "1"]
[TimeControl "5400+30"]

1. d4 {[%emt 0:00:00]} Nf6 {[%emt 0:00:00]} 2. c4 {[%emt 0:00:00]} e6 {[%emt 0:00:00]} 3. Nf3 {[%emt 0:00:16]} d5 {[%emt 0:00:39]} 4. g3 {[%emt 0:00:20]} dxc4 {[%emt 0:00:54]} 5. Bg2 {[%emt 0:00:08]} Nc6 {[%emt 0:00:04]} 6. Qa4 {[%emt 0:01:33]} Nd7 {[%emt 0:00:07]} 7. Qxc4 {[%emt 0:00:09]} Nb6 {[%emt 0:00:07]} 8. Qb5 {[%emt 0:01:02]} a6 {[%emt 0:00:39]} 9. Qd3 {[%emt 0:01:35]} e5 {[%emt 0:00:47]} 10. Nxe5 {[%emt 0:02:01]} Nb4 {[%emt 0:00:54]} 11. Qd1 {[%emt 0:02:11]} Qxd4 {[%emt 0:00:43]} 12. Qxd4 {[%emt 0:00:07]} Nc2+ {[%emt 0:00:06]} 13. Kd1 {[%emt 0:00:21]} Nxd4 {[%emt 0:00:07]} 14. Be3 {[%emt 0:00:11]} Nb5 {[%emt 0:00:08]} 15. Bxb6 {[%emt 0:00:49]} cxb6 {[%emt 0:00:06]} 16. Nd2 {[%emt 0:00:13]} Nd6 {[%emt 0:01:29]} 17. Nec4 {[%emt 0:01:37]} b5 {[%emt 0:02:28]} 18. Nb6 {[%emt 0:00:52]} Rb8 {[%emt 0:00:05]} 19. Nxc8 {[%emt 0:00:51]} Rxc8 {[%emt 0:00:21]} 20. Rc1 {[%emt 0:00:29]} Kd8 {[%emt 0:00:37]} 21. Ne4 {[%emt 0:03:27]} Rxc1+ {[%emt 0:02:53]} 22. Kxc1 {[%emt 0:00:08]} Nxe4 {[%emt 0:02:31]} 23. Bxe4 {[%emt 0:00:09]} Kc7 {[%emt 0:00:01]} 24. Kb1 {[%emt 0:09:53]} g6 {[%emt 0:15:36]} 25. Rc1+ {[%emt 0:02:54]} Kb8 {[%emt 0:00:07]} 26. Rd1 {[%emt 0:00:22]} Kc7 {[%emt 0:00:08]} 27. Bd5 {[%emt 0:01:17]} f6 {[%emt 0:00:27]} 28. f4 {[%emt 0:00:44]} a5 {[%emt 0:07:28]} 29. Rc1+ {[%emt 0:04:10]} Kb8 {[%emt 0:00:15]} 30. e4 {[%emt 0:04:05]} Bd6 {[%emt 0:00:17]} 31. Rd1 {[%emt 0:02:34]} Rd8 {[%emt 0:01:36]} 32. Bg8 {[%emt 0:04:03]} h6 {[%emt 0:00:31]} 33. Bf7 {[%emt 0:07:56]} g5 {[%emt 0:01:45]} 34. e5 {[%emt 0:00:08]} Be7 {[%emt 0:01:16]} 35. Rxd8+ {[%emt 0:00:49]} Bxd8 {[%emt 0:00:05]} 36. fxg5 {[%emt 0:00:20]} fxg5 {[%emt 0:00:34]} 37. Kc2 {[%emt 0:01:16]} Bb6 {[%emt 0:13:28]} 38. Kd3 {[%emt 0:03:29]} Kc7 {[%emt 0:00:04]} 39. g4 {[%emt 0:04:36]} Bg1 {[%emt 0:00:29]} 40. h3 {[%emt 0:01:24]} Kd7 {[%emt 0:00:08]} 41. Ke4 {[%emt 0:00:26]} Ke7 {[%emt 0:00:24]} 42. Bd5 {[%emt 0:03:14]} b6 {[%emt 0:00:05]} 43. Kf5 {[%emt 0:11:03]} Bd4 {[%emt 0:00:17]} 44. b3 {[%emt 0:00:47]} b4 {[%emt 0:03:11]} 45. Bc4 {[%emt 0:02:38]} Bc3 {[%emt 0:00:19]} 46. Bb5 {[%emt 0:00:45]} Bd4 {[%emt 0:00:12]} 47. e6 {[%emt 0:00:31]} Bc5 {[%emt 0:02:33]} 48. Bd7 {[%emt 0:01:05]} Be3 {[%emt 0:00:39]} 49. Kg6 {[%emt 0:00:21]} Bf4 {[%emt 0:00:09]} 50. Kxh6 {[%emt 0:01:17]} Kf6 {[%emt 0:00:08]} 51. Bc8 {[%emt 0:00:12]} Be3 {[%emt 0:00:08]} 52. Kh5 {[%emt 0:00:34]} Bd2 {[%emt 0:06:24]} 53. h4 {[%emt 0:00:32]} gxh4 {[%emt 0:00:07]} 54. g5+ {[%emt 0:01:36]} Ke7 {[%emt 0:00:18]} 55. Kxh4 {[%emt 0:00:33]} Be3 {[%emt 0:01:17]} 56. Kh5 {[%emt 0:01:21]} Bd4 {[%emt 0:00:18]} 57. Kg4 {[%emt 0:03:10]} Be3 {[%emt 0:00:21]} 58. Bd7 {[%emt 0:00:14]} Bd2 {[%emt 0:00:49]} 59. Kf5 {[%emt 0:00:31]} Bc1 {[%emt 0:00:19]} 60. Bb5 {[%emt 0:00:24]} Bd2 {[%emt 0:00:13]} 61. Bc4 {[%emt 0:01:47]} Bc1 {[%emt 0:00:28]} 62. Bd5 {[%emt 0:01:37]} Bd2 {[%emt 0:01:24]} 63. g6 {[%emt 0:04:19]} Bc3 {[%emt 0:00:05]} 64. Ke4 {[%emt 0:00:03]} b5 {[%emt 0:00:18]} 65. Kf5 {[%emt 0:00:15]} a4 {[%emt 0:03:48]} 66. Bc6 {[%emt 0:00:20]} axb3 {[%emt 0:00:46]} 67. axb3 {[%emt 0:00:03]} Bd4 {[%emt 0:00:52]} 68. Bxb5 {[%emt 0:00:17]} Bg7 {[%emt 0:00:25]} 69. Bd7 {[%emt 0:00:53]} Kd6 {[%emt 0:00:05]} 70. Ke4 {[%emt 0:00:09]} Bf6 {[%emt 0:00:55]} 71. Kf5 {[%emt 0:02:39]} Bg7 {[%emt 0:00:12]} 72. Bb5 {[%emt 0:00:05]} Ke7 {[%emt 0:00:38]} 73. Be2 {[%emt 0:00:07]} Kd6 {[%emt 0:00:12]} 74. Bg4 {[%emt 0:00:05]} Ke7 {[%emt 0:00:34]} 75. Ke4 {[%emt 0:00:32]} Kd6 {[%emt 0:00:20]} 76. Bf5 {[%emt 0:00:31]} Bf6 {[%emt 0:01:51]} 77. Kd3 {[%emt 0:00:06]} Bc3 {[%emt 0:00:07]} 78. Ke4 {Kd5+} 1-0

[Event "XI Paracin Festival 2018"]
[Site "Paracin"]
[Date "2018.07.09"]
[Round "4"]
[White "Lorparizangeneh, Shahin"]
[Black "Raja Rithvik R"]
[Result "1/2-1/2"]
[WhiteElo "2493"]
[BlackElo "2343"]
[Annotator "TA"]
[PlyCount "54"]
[EventDate "2018.07.06"]
[EventType "swiss"]
[EventCountry "SRB"]
[SourceTitle "playchess.com"]
[Source "ChessBase"]
[SourceQuality "1"]

{[%evp 10,54,11,0,0,0,0,-8,10,-1,11,0,0,-20,-14,-26,-32,-44,-40,-74,28,-108,-106,-121,-129,-155,-173,-169,-139,-142,-92,-106,-110,-112,-64,-70,-80,-87,-46,-50,-30,-23,-27,-34,-16,-19,-15]} 1. c4 e6 2. Nf3 d5 3. g3 Nf6 4. Bg2 d4 5. e3 c5 6. b4 {LiveBook: 3 Games. A13: English Opening: 1...e6} dxe3 7. fxe3 cxb4 8. a3 $146 ({Predecessor:} 8. d4 Be7 9. O-O O-O 10. a3 Nc6 11. Nbd2 a5 12. c5 e5 {0-1 (27) Lubczynski,R (2431)-Moiseenko,A (2707) Trzcianka 2014}) 8... Nc6 9. O-O bxa3 10. d4 Be7 11. Nxa3 O-O 12. Nb5 a6 $36 {[%mdl 2048] Black is pushing.} 13. Nc3 Rb8 14. d5 Na5 (14... Nb4 $17) 15. Qa4 (15. d6 $1 $11 {was the only way to keep the balance.} Bxd6 {[#]} 16. Rxa5 $1 {[%mdl 512]}) 15... b6 $17 16. Nd4 Bd7 17. Nc6 Bxc6 $1 18. dxc6 Qd3 19. Nd1 Qxc4 20. Qxc4 Nxc4 21. Rxa6 Rbc8 22. Nb2 Ne5 23. Rxb6 Nd5 24. Rb5 {[#] And now e4 would win.} Nxc6 25. Bxd5 exd5 26. Rxd5 Nb4 27. Rd7 Bf6 {Precision: White = 38%, Black = 49%.} 1/2-1/2

[Event "XI Paracin Festival 2018"]
[Site "Paracin"]
[Date "2018.07.09"]
[Round "4"]
[White "Tan, Justin"]
[Black "Radovanovic, Mihajlo"]
[Result "1-0"]
[WhiteElo "2481"]
[BlackElo "2402"]
[Annotator "TA"]
[PlyCount "85"]
[EventDate "2018.07.06"]
[EventType "swiss"]
[EventCountry "SRB"]
[SourceTitle "playchess.com"]
[Source "ChessBase"]
[SourceQuality "1"]

{[%evp 22,85,29,27,71,65,69,60,56,64,60,28,41,34,46,53,47,0,48,51,102,109,143,131,125,146,193,182,485,491,516,510,449,508,496,479,654,634,768,775,823,823,787,799,937,907,787,705,701,683,1019,1135,1112,1046,1064,828,860,919,864,814,1560,1522,1535,1808,2681,2673]} 1. e4 c5 2. Nf3 d6 3. Nc3 a6 4. g3 g6 5. Bg2 Bg7 6. d4 cxd4 7. Nxd4 Nf6 8. O-O O-O 9. h3 Nc6 10. Be3 Bd7 11. Nd5 {B91: Sicilian Najdorf: 6 g3} (11. Nde2 Rc8 12. b3 b5 13. Nd5 Be6 14. Qd2 Ne5 15. f4 Ned7 16. Nd4 Nc5 17. Nxe6 Nxe6 18. Rac1 Nc5 19. Nxf6+ Bxf6 {½-½ (98) Grischuk,A (2767)-Nepomniachtchi,I (2751) Moscow 2018}) 11... Rc8 12. Ne2 {[%cal Bd4e2,Be2f4,Bf4d5][%mdl 32] LiveBook: 8 Games} Be6 13. Nb6 $146 {White is better.} ({Predecessor:} 13. a4 Bxd5 14. exd5 Ne5 15. b3 Ned7 16. a5 Nc5 17. Bd4 b5 18. axb6 Qxb6 19. Ra2 Ra8 {1-0 (39) Palkovi,J (2426)-Parkanyi,A (2388) Hungary 2004}) 13... Rb8 14. Nf4 Bd7 15. a4 Ne5 16. Qe2 Bc6 17. Nfd5 Ned7 18. a5 e6 19. c4 {[%cal Bc2c4,Bc4c5,Bc5c6][%mdl 32]} exd5 (19... Nxe4 $5 20. Bxe4 exd5 21. Nxd5 Re8 $11) 20. exd5 {[%cal Be4d5,Bd5c6,Bc6b7][%mdl 32] [#]} Nxb6 ({Black should try} 20... Nxd5 $1 $14 {[%mdl 512]} 21. Nxd5 Re8) 21. dxc6 $16 Na8 {And now ...bxc6 would win.} 22. cxb7 Nc7 23. Ba7 Ne6 24. c5 d5 $2 (24... Nxc5 {is more resistant.} 25. Bxc5 (25. Bxb8 Qxb8 26. Rad1 Re8 $14) 25... dxc5) 25. Qxa6 $18 {White is clearly winning.} Ne4 26. Bxe4 dxe4 27. Rad1 Bd4 {Black hopes to continue with ...Qc7.} 28. c6 e3 29. Qc4 Bxa7 30. Rxd8 Rbxd8 31. fxe3 Bxe3+ 32. Kh1 Nc7 33. b4 Rd5 34. Qb3 Ba7 35. Rd1 Rfd8 36. Rxd5 Rxd5 {[#]} 37. Qe3 $1 {[%mdl 512]} Bb8 (37... Bxe3 38. b8=Q+) 38. h4 Kg7 39. Qb6 Rd1+ 40. Kg2 Nd5 41. Qc5 Rd3 42. a6 Bxg3 {[#]} 43. Qxd5 $1 {[%mdl 512] Precision: White = 82%, Black = 26%.} 1-0

[Event "XI Paracin Festival 2018"]
[Site "Paracin"]
[Date "2018.07.09"]
[Round "4"]
[White "Fernandez, Daniel Howard"]
[Black "Pantelic, Sasa"]
[Result "1-0"]
[WhiteElo "2477"]
[BlackElo "2316"]
[Annotator "RC"]
[PlyCount "73"]
[EventDate "2018.07.06"]
[EventType "swiss"]
[EventCountry "SRB"]
[SourceTitle "playchess.com"]
[Source "ChessBase"]
[SourceQuality "1"]
[TimeControl "5400+30"]

1. f4 {[%emt 0:05:55]} Nf6 {[%emt 0:00:00]} 2. Nf3 {[%emt 0:00:10]} g6 {[%emt 0:00:07]} 3. b3 {[%emt 0:03:05]} Bg7 {[%emt 0:00:40]} 4. Bb2 {[%emt 0:00:02]} O-O {[%emt 0:00:46]} 5. g3 {[%emt 0:05:21]} d6 {[%emt 0:01:11]} 6. Qc1 {[%emt 0:03:33]} c5 {[%emt 0:06:34]} 7. Bg2 {[%emt 0:00:27]} Nc6 {[%emt 0:00:53]} 8. O-O {[%emt 0:00:47]} Re8 {[%emt 0:03:19]} 9. c4 {[%emt 0:01:43]} e5 {[%emt 0:07:48]} 10. fxe5 {[%emt 0:00:03]} dxe5 {[%emt 0:00:29]} 11. Nc3 {[%emt 0:00:02]} e4 {[%emt 0:03:27]} 12. Ne1 {[%emt 0:05:19]} Bf5 {[%emt 0:04:08]} 13. Nc2 {[%emt 0:02:56]} Qd7 {[%emt 0:01:59]} 14. Ne3 {[%emt 0:00:17]} Bh3 {[%emt 0:07:15]} 15. Rxf6 {[%emt 0:04:21]} Bxg2 {[%emt 0:12:19]} 16. Rxc6 {[%emt 0:00:49]} bxc6 {[%emt 0:02:07]} 17. Kxg2 {[%emt 0:00:12]} Rad8 {[%emt 0:00:40]} 18. Nf1 {[%emt 0:04:32]} h5 {[%emt 0:03:10]} 19. Na4 {[%emt 0:00:18]} Qg4 {[%emt 0:01:11]} 20. Qe1 {[%emt 0:00:55]} Bxb2 {[%emt 0:02:07]} 21. Nxb2 {[%emt 0:00:03]} h4 {[%emt 0:00:25]} 22. h3 {[%emt 0:04:49]} Qg5 {[%emt 0:00:20]} 23. Na4 {[%emt 0:00:37]} hxg3 {[%emt 0:06:32]} 24. Qxg3 {[%emt 0:00:24]} Qh5 {[%emt 0:02:38]} 25. Qe3 {[%emt 0:10:22]} Qe5 {[%emt 0:06:04]} 26. Rd1 {[%emt 0:01:32]} Rd4 {[%emt 0:00:32]} 27. Ng3 {[%emt 0:00:37]} Kg7 {[%emt 0:02:12]} 28. h4 {[%emt 0:01:21]} Red8 {[%emt 0:05:29]} 29. h5 {[%emt 0:05:52]} gxh5 {[%emt 0:08:19]} 30. Rf1 {[%emt 0:00:14]} Rg8 {[%emt 0:00:34]} 31. Rf5 {[%emt 0:00:38]} Qd6 {[%emt 0:00:29]} 32. Rg5+ {[%emt 0:02:22]} Kf8 {[%emt 0:00:57]} 33. Nf5 {[%emt 0:00:23]} Rxg5+ {[%emt 0:02:27]} 34. Qxg5 {[%emt 0:00:03]} Qe5 {[%emt 0:00:37]} 35. Nxc5 {[%emt 0:00:46]} Rd6 {[%emt 0:02:47]} 36. Qxh5 {[%emt 0:02:30]} Rd8 {[%emt 0:02:21]} 37. Qh6+ {[%emt 0:00:15]} 1-0

[Event "XI Paracin Festival 2018"]
[Site "Paracin"]
[Date "2018.07.09"]
[Round "4"]
[White "Harsha Bharathakoti"]
[Black "Kadric, Denis"]
[Result "0-1"]
[WhiteElo "2465"]
[BlackElo "2522"]
[Annotator "ChessBase"]
[PlyCount "112"]
[EventDate "2018.07.06"]
[EventType "swiss"]
[EventCountry "SRB"]
[SourceTitle "playchess.com"]
[Source "ChessBase"]
[SourceQuality "1"]
[TimeControl "5400+30"]

1. Nf3 {[%emt 0:00:48]} d6 {[%emt 0:00:00]} 2. d4 {[%emt 0:00:16]} g6 {[%emt 0:00:00]} 3. c4 {[%emt 0:00:26]} Bg7 {[%emt 0:00:00]} 4. Nc3 {[%emt 0:00:18]} Nd7 {[%emt 0:00:00]} 5. e4 {[%emt 0:00:34]} e5 {[%emt 0:00:00]} 6. Be2 {[%emt 0:00:27]} Ngf6 {[%emt 0:00:05]} 7. O-O {[%emt 0:00:47]} O-O {[%emt 0:00:02]} 8. Be3 {[%emt 0:00:41]} Qe7 {[%emt 0:00:26]} 9. d5 {[%emt 0:04:18]} c5 {[%emt 0:00:19]} 10. Ne1 {[%emt 0:24:40]} Ne8 {[%emt 0:00:59]} 11. Nd3 {[%emt 0:09:04]} f5 {[%emt 0:00:04]} 12. f3 {[%emt 0:00:10]} Bf6 {[%emt 0:05:09]} 13. a3 {[%emt 0:09:25]} Nb6 {[%emt 0:16:32]} 14. b3 {[%emt 0:03:51]} Bg5 {[%emt 0:00:05]} 15. Bxg5 {[%emt 0:16:16]} Qxg5 {[%emt 0:00:03]} 16. f4 {[%emt 0:08:02]} exf4 {[%emt 0:00:59]} 17. Qd2 {[%emt 0:07:11]} Nf6 {[%emt 0:04:00]} 18. exf5 {[%emt 0:01:54]} Bxf5 {[%emt 0:00:53]} 19. Qxf4 {[%emt 0:01:49]} Qxf4 {[%emt 0:00:55]} 20. Nxf4 {[%emt 0:00:51]} Rae8 {[%emt 0:05:23]} 21. Nb5 {[%emt 0:02:52]} Nc8 {[%emt 0:01:03]} 22. Bd3 {[%emt 0:04:01]} Bxd3 {[%emt 0:02:11]} 23. Nxd3 {[%emt 0:00:04]} Re3 {[%emt 0:00:06]} 24. Nf4 {[%emt 0:01:41]} Nd7 {[%emt 0:01:23]} 25. b4 {[%emt 0:01:18]} Re4 {[%emt 0:02:22]} 26. Ne6 {[%emt 0:00:38]} Rxf1+ {[%emt 0:00:05]} 27. Rxf1 {[%emt 0:00:04]} cxb4 {[%emt 0:00:48]} 28. axb4 {[%emt 0:00:54]} Rxc4 {[%emt 0:00:27]} 29. Rf4 {[%emt 0:00:36]} Rxf4 {[%emt 0:04:48]} 30. Nxf4 {[%emt 0:00:04]} Nf6 {[%emt 0:00:08]} 31. Nc3 {[%emt 0:00:58]} Ne7 {[%emt 0:03:49]} 32. h4 {[%emt 0:00:17]} h6 {[%emt 0:00:17]} 33. Kf2 {[%emt 0:00:42]} a6 {[%emt 0:01:27]} 34. b5 {[%emt 0:00:26]} a5 {[%emt 0:00:44]} 35. Kf3 {[%emt 0:00:36]} g5 {[%emt 0:01:17]} 36. hxg5 {[%emt 0:00:03]} hxg5 {[%emt 0:00:02]} 37. Ne6 {[%emt 0:00:05]} Nexd5 {[%emt 0:01:06]} 38. Na4 {[%emt 0:00:30]} g4+ {[%emt 0:00:28]} 39. Kg3 {[%emt 0:00:20]} b6 {[%emt 0:00:33]} 40. Nf4 {[%emt 0:01:25]} Nc7 {[%emt 0:01:41]} 41. Nxb6 {[%emt 0:00:05]} Nxb5 {[%emt 0:00:02]} 42. Nfd5 {[%emt 0:00:53]} Nxd5 {[%emt 0:00:34]} 43. Nxd5 {[%emt 0:00:05]} a4 {[%emt 0:00:01]} 44. Kxg4 {[%emt 0:00:11]} a3 {[%emt 0:01:00]} 45. Nb4 {[%emt 0:00:12]} Nc3 {[%emt 0:04:52]} 46. Kf3 {[%emt 0:01:41]} Kf7 {[%emt 0:00:34]} 47. Nc2 {[%emt 0:00:05]} Nb5 {[%emt 0:01:26]} 48. Ke4 {[%emt 0:00:53]} Ke6 {[%emt 0:00:16]} 49. Nb4 {[%emt 0:00:32]} d5+ {[%emt 0:01:10]} 50. Kd3 {[%emt 0:00:01]} Ke5 {[%emt 0:00:16]} 51. g4 {[%emt 0:00:34]} d4 {[%emt 0:01:46]} 52. Kc4 {[%emt 0:00:40]} Ke4 {[%emt 0:00:15]} 53. g5 {[%emt 0:00:29]} Kf5 {[%emt 0:00:03]} 54. Na2 {[%emt 0:00:43]} Kxg5 {[%emt 0:00:17]} 55. Nc1 {[%emt 0:00:30]} Kf5 {[%emt 0:00:36]} 56. Kd5 {[%emt 0:00:31]} d3 {[%emt 0:00:23]} 0-1